000 00550nam a2200229Ia 4500
003 OSt
005 20220918191802.0
006 a|||||r|||| 00| 0
007 ta
008 220917b |||||||| |||| 00| 0 eng d
024 _a65,016
037 _cTextual
040 _aARTS
_cARTS
_beng
041 _2eng
_aeng
082 _aR14, L02
100 _aBittinger Marvin L
_977169
245 0 _aLogic and proof
260 _c1970
650 _aPHILOSOPHY
942 _hR14, L02
_cTEXL
_2CC
999 _c191353
_d191353